00367nam 2200133 45000010005000001000041000051010008000462000081000542150019001353000015001546060026001697000018001958010020002136072 a20190729k u||y0frey50 ba afre aLe nucléaire: une réponse à l'effet de serre?bBrochurefY. L. Boullis a18 p.d21 cm.  aSans date. aNucléaire (Energie) aY. L. Boullis aCHbCH-002049-8